MyGZULibrary

Zimbabwean drama : (Record no. 4499)

MARC details
000 -LEADER
fixed length control field 00971nam a2200289 a 4500
001 - CONTROL NUMBER
control field 4784698
003 - CONTROL NUMBER IDENTIFIER
control field GZU
005 - DATE AND TIME OF LATEST TRANSACTION
control field 20210316111855.0
008 - FIXED-LENGTH DATA ELEMENTS--GENERAL INFORMATION
fixed length control field 870206s1986 rh b 000 0 eng
010 ## - LIBRARY OF CONGRESS CONTROL NUMBER
LC control number 86981332
040 ## - CATALOGING SOURCE
Original cataloging agency DLC
Transcribing agency DLC
Modifying agency DLC
043 ## - GEOGRAPHIC AREA CODE
Geographic area code f-rh---
050 00 - LIBRARY OF CONGRESS CALL NUMBER
Classification number PL8014.Z55
Item number Z56 1986
082 00 - DEWEY DECIMAL CLASSIFICATION NUMBER
Classification number 896/.39
Edition number 19
100 1# - MAIN ENTRY--PERSONAL NAME
Personal name Zinyemba, Ranga M.
245 10 - TITLE STATEMENT
Title Zimbabwean drama :
Remainder of title a study of Shona and English plays /
Statement of responsibility, etc. by Ranga M. Zinyemba.
260 ## - PUBLICATION, DISTRIBUTION, ETC.
Place of publication, distribution, etc. Gweru, Zimbabwe :
Name of publisher, distributor, etc. Mambo Press,
Date of publication, distribution, etc. 1986.
300 ## - PHYSICAL DESCRIPTION
Extent 112 p. ;
Dimensions 18 cm.
440 #0 - SERIES STATEMENT/ADDED ENTRY--TITLE
Title Mambo writers series.
Name of part/section of a work English section ;
Volume/sequential designation vol. 25
504 ## - BIBLIOGRAPHY, ETC. NOTE
Bibliography, etc. note Bibliography: p. 111-112.
650 #0 - SUBJECT ADDED ENTRY--TOPICAL TERM
Topical term or geographic name entry element Zimbabwean drama
General subdivision History and criticism.
650 #0 - SUBJECT ADDED ENTRY--TOPICAL TERM
Topical term or geographic name entry element Shona drama
General subdivision History and criticism.
650 #0 - SUBJECT ADDED ENTRY--TOPICAL TERM
Topical term or geographic name entry element Zimbabwean drama (English)
General subdivision History and criticism.
650 #0 - SUBJECT ADDED ENTRY--TOPICAL TERM
Topical term or geographic name entry element Theater and society
Geographic subdivision Zimbabwe.
906 ## - LOCAL DATA ELEMENT F, LDF (RLIN)
a 7
b cbc
c orignew
d 2
e ncip
f 19
g y-gencatlg
942 ## - ADDED ENTRY ELEMENTS (KOHA)
Source of classification or shelving scheme Library of Congress Classification
Koha item type Books
Classification part 8014
Item part ZIM
Call number prefix PL
Call number suffix 1986
Holdings
Withdrawn status Lost status Source of classification or shelving scheme Damaged status Not for loan Collection code Home library Current library Shelving location Date acquired Total Checkouts Full call number Barcode Date last seen Copy number Price effective from Koha item type Date last checked out Inventory number
    Library of Congress Classification     Fiction City Campus Library City Campus Library General Stacks 03/16/2021   PL8014 ZIN 1986 G21348 03/16/2021 c. 1 03/16/2021 Books    
    Library of Congress Classification     Fiction City Campus Library City Campus Library General Stacks 03/16/2021 1 PL8014 ZIN 1986 G21354 04/04/2023 c. 2 03/16/2021 Books 03/24/2023  
    Library of Congress Classification     Fiction City Campus Library City Campus Library General Stacks 03/16/2021   PL8014 ZIN 1986 G21375 03/16/2021 c. 3 03/16/2021 Books    
    Library of Congress Classification     Fiction City Campus Library City Campus Library General Stacks 03/16/2021   PL8014 ZIN 1996 G22386 03/16/2021 c. 4 03/16/2021 Books    
    Library of Congress Classification     Fiction City Campus Library City Campus Library General Stacks 03/16/2021 1 PL8014 ZIN 1986 G21386 03/06/2024 c. 5 03/16/2021 Books 02/26/2024  
    Library of Congress Classification     Fiction City Campus Library City Campus Library General Stacks 03/16/2021 1 PL8014 ZIN 1986 G22769 03/23/2023 c. 6 03/16/2021 Books 03/08/2023  
    Library of Congress Classification     Fiction City Campus Library City Campus Library General Stacks 03/16/2021   PL8014 ZIN 1986 10281 03/16/2021 c. 7 03/16/2021 Books    
    Library of Congress Classification     Fiction City Campus Library City Campus Library General Stacks 03/16/2021   PL8014 ZIN 1986 G21381 03/16/2021 c. 8 03/16/2021 Books    
    Library of Congress Classification     Fiction City Campus Library City Campus Library General Stacks 03/24/2021 1 PL8014 ZIN 1986 G22779 03/24/2025 c. 9 03/24/2021 Books 03/07/2025  
    Library of Congress Classification     Fiction City Campus Library City Campus Library General Stacks 03/25/2021   PL8014 ZIN 1986 G21374 03/25/2021 c. 10 03/25/2021 Books    
    Library of Congress Classification     Fiction Mashava Campus Library Mashava Campus Library General Stacks 05/19/2021   PL8014 ZIN 1986 G21389 05/19/2021 c. 11 05/19/2021 Books   10272
          Fiction Mashava Campus Library Mashava Campus Library General Stacks 05/20/2011   PL8014 ZIN 1986 G21390 05/20/2021 c.12 05/20/2021 Books   10274
          Fiction Mashava Campus Library Mashava Campus Library General Stacks 05/20/2005 1 PL8681 ZIN 1986 G21373 05/26/2023 c.13 05/20/2021 Books 05/16/2023 4495